000 00994nam a2200265Ia 4500
003 OSt
005 20220923211422.0
006 a|||||r|||| 00| 0
007 ta
008 220922b |||||||| |||| 00| 0 hin d
020 _a9788193546185 (hbk)
_c650
024 _a354,747
037 _b104, 17/12/2021, Eastern Book Linkers
_cTextual
040 _aARTS
_cARTS
_bhin
041 _2hin
_ahin
082 _aQ2, 152Q9
100 _aमिश्र, शैलेन्द्र कुमार, ले.
_9160430
245 0 _aप्राचीन भारत के प्रमुख धर्म
246 _aPrāchīn bhārat ke pramukh dharma
260 _aदिल्ली
_b लक्की पब्लिकेशन्स
_c2019
300 _a210पृ.
_ccm.
650 _aधर्म
942 _hQ2, 152Q9
_cTEXL
_2CC
999 _c299290
_d299290